000 00321nam a2200145Ia 4500
100 _aMalik/Hitendra K/ A.K.Singh
650 _aPhysics
942 _cBK
366 _f25
245 _aEngineering physics
260 _bTata Mc Graw hill Ltd.
_c2010
082 _a530
_bMAL
546 _aENGLISH
_cComputers
999 _c23629
_d23629